Loading...
| Current Events | 1 | 10.00 | 100% | 0% | 0% |
| Fine Arts - Classical Music | 5 | 14.00 | 60% | 60% | 20% |
| Fine Arts - Other Fine Arts | 6 | 6.67 | 50% | 17% | 0% |
| Fine Arts - Painting and Sculpture | 5 | 12.00 | 80% | 40% | 0% |
| History - American History | 3 | 13.33 | 100% | 33% | 0% |
| History - European History | 5 | 10.00 | 100% | 0% | 0% |
| History - Other History | 6 | 10.00 | 83% | 17% | 0% |
| History - World History | 4 | 12.50 | 75% | 50% | 0% |
| Literature - American Literature | 4 | 7.50 | 75% | 0% | 0% |
| Literature - British Literature | 7 | 11.43 | 86% | 29% | 0% |
| Literature - European Literature | 4 | 7.50 | 75% | 0% | 0% |
| Literature - World Literature | 7 | 12.86 | 86% | 29% | 14% |
| Mythology | 7 | 12.86 | 100% | 29% | 0% |
| Other Academic | 2 | 10.00 | 100% | 0% | 0% |
| Philosophy | 6 | 11.67 | 100% | 17% | 0% |
| Religion | 4 | 12.50 | 100% | 25% | 0% |
| Science - Biology | 6 | 20.00 | 100% | 83% | 17% |
| Science - Chemistry | 3 | 10.00 | 100% | 0% | 0% |
| Science - Other Science | 5 | 10.00 | 60% | 20% | 20% |
| Science - Physics | 7 | 10.00 | 86% | 14% | 0% |
| Social Science | 3 | 10.00 | 100% | 0% | 0% |